| 000 | 00857nam a2200253Ia 4500 | ||
|---|---|---|---|
| 003 | OSt | ||
| 005 | 20220926002638.0 | ||
| 006 | a|||||r|||| 00| 0 | ||
| 007 | ta | ||
| 008 | 220923b |||||||| |||| 00| 0 eng d | ||
| 037 | _cGeneral Book | ||
| 040 |
_aRTL _cRTL _beng |
||
| 041 |
_2eng _aeng |
||
| 082 | _aX:89K..2.N6, K5; L2 | ||
| 110 |
_aNational council of applied economic research (New Delhi India) _9299618 |
||
| 245 | 0 | _aMarket towns and spatial development | |
| 260 |
_a New Delhi _bNCAER India _c1972 |
||
| 300 |
_axiii, 203p _ccm. |
||
| 500 | _aPublished previously as Market towns and spatial development in India. | ||
| 650 | _aRegional Economics | ||
| 700 |
_aNational council of applied economic research (New Delhi India) _9299619 |
||
| 942 |
_hX:89K..2.N6, K5; L2 _cGB _2CC |
||
| 999 |
_c605709 _d605709 |
||